000 00588cac a2200193 a 4500
003 CO-PeBPM
005 20250626102042.0
008 231129e2002||||xx |||||||||||||| ||spa||
020 _a958914991X
040 0 _aCO-PeBPM
_bspa
_cCO-PeBPM
_erda
041 0 _aspa
082 _a301.1583 M119c
100 _aMcBride, Neal F
_eautor
245 0 _aCómo liderar grupos pequeños
_c/ Neal F McBride
260 _aColombia
_bCentros de Literatura Cristiana
_c2002
300 _a206 Páginas
_c; 21 centímetros
500 _aIncluye índice
942 _2ddc
_cBK
999 _c7605
_d7605